000 00552nam a2200217Ia 4500
008 140626s9999 xx 000 0 und d
100 _aHoop, Honey.
245 _aBoracay quick facts /
_cHoney Hoop ... [et al.].
260 _cc.
300 _a : , page 6
440 _aYour Guide to Boracay Philippines
521 _aTOU
650 _aBusiness hours.
650 _aGeography.
650 _aLanguage.
650 _aPhilippine time.
650 _aPopulation.
650 _aPublic transportation.
650 _aTopography.
942 _cSE
999 _c121117
_d121117